[Event "ch-PER 2017"]
[Site "masterchessopen.com Lima PER"]
[Date "2017.03.03"]
[Round "6.38"]
[White "Reynaga,Roland"]
[Black "Sumi,Diego"]
[Result "1-0"]
[WhiteElo "1722"]
[BlackElo "1466"]

1.d4 Nf6 2.Bg5 g6 3.Bxf6 exf6 4.e3 d5 5.g3 Nd7 6.Bg2 Nb6 7.Ne2 Bg7 8.O-O O-O
9.Nd2 Bf5 10.b3 Be6 11.Rc1 c6 12.c4 f5 13.a4 Qe7 14.a5 Nd7 15.Qc2 Nf6 16.Nf4
Rfd8 17.Qb2 Ne4 18.cxd5 Bxd5 19.b4 Rac8 20.Nxe4 Bxe4 21.Bxe4 fxe4 22.Rc4 b5
23.Rc5 h5 24.Rfc1 Rd6 25.Rxb5 h4 26.Rbc5 a6 27.Qe2 hxg3 28.fxg3 Qb7 29.Qc4 Bf8
30.Rg5 Bh6 31.Re5 Bg7 32.Rxe4 Rb8 33.Nd3 Qc8 34.Rf1 Rd5 35.Re7 Bh6 36.e4 {#r}
1-0

[Event "ch-PER 2017"]
[Site "masterchessopen.com Lima PER"]
[Date "2017.03.03"]
[Round "6.41"]
[White "Lazaro Cuevas,Ronald Anthony"]
[Black "Araoz Andrade,Ivan Alexander"]
[Result "0-1"]
[WhiteElo "1487"]
[BlackElo "1624"]

1.d4 Nf6 2.Bf4 e6 3.c4 Bb4+ 4.Nc3 O-O 5.Nf3 b6 6.a3 Bxc3+ 7.bxc3 d6 8.e3 Ba6
9.Bd3 Nc6 10.Qc2 Na5 11.Nd2 c5 12.O-O Re8 13.Rac1 h6 14.Rfe1 Qe7 15.f3 Nh5
16.Bg3 Nxg3 17.hxg3 Rac8 18.d5 exd5 19.cxd5 c4 20.Bf5 Rc7 21.e4 Qg5 22.Kf2 Nb7
23.Rh1 Nc5 24.f4 Qf6 25.Kf3 Nd3 26.Rcf1 Rc5 27.Nb1 Rb5 28.Bd7 Ne5+ 29.Ke2 Nxd7
30.Rh3 Rxd5 31.Rfh1 Nc5 {#R} 0-1

[Event "ch-PER 2017"]
[Site "masterchessopen.com Lima PER"]
[Date "2017.03.03"]
[Round "6.44"]
[White "Travezano Patino,Eduard Gedeon"]
[Black "Pizzardo,S"]
[Result "0-1"]
[WhiteElo "1346"]
[BlackElo "2042"]

1.e4 e6 2.Nf3 d5 3.Nc3 Nf6 4.e5 Nfd7 5.d4 c5 6.dxc5 Bxc5 7.Bd3 Nc6 8.Bf4 f6
9.exf6 Qxf6 10.Bg3 Bb4 11.Bh4 Bxc3+ 12.bxc3 Qxc3+ 13.Nd2 Qe5+ 14.Be2 Nd4
15.Bg3 Nxc2+ 16.Qxc2 Qxa1+ 17.Qb1 Qxb1+ 18.Nxb1 Nf6 19.O-O Bd7 20.Re1 Rc8
21.Bf3 Rc2 22.a3 Ke7 23.Bh4 Rhc8 24.Bg5 h6 25.Be3 e5 26.Bd1 Rc1 27.Bxc1 Rxc1
28.Kf1 Rxb1 29.Rxe5+ Kd6 30.Re1 Bb5+ 31.Be2 Bxe2+ 32.Kxe2 Rxe1+ 33.Kxe1 d4
{#R} 0-1

[Event "49th Belgrade WGM 2017"]
[Site "masterchessopen.com Belgrade SRB"]
[Date "2017.03.03"]
[Round "1.2"]
[White "Prudnikova,S"]
[Black "Nestorovic,Katarina"]
[Result "1-0"]
[WhiteElo "2288"]
[BlackElo "2134"]

1.d4 Nf6 2.Nf3 e6 3.g3 c5 4.Bg2 Nc6 5.O-O cxd4 6.Nxd4 Qb6 7.Nb3 d5 8.Be3 Qc7
9.Bf4 Bd6 10.Bxd6 Qxd6 11.Nc3 Qe7 12.e4 dxe4 13.Nxe4 Nxe4 14.Bxe4 Bd7 15.Qd3
f5 16.Bg2 O-O 17.Nc5 Be8 18.Nxe6 Nb4 19.Qa3 Qxe6 20.Qxb4 Bc6 21.Rfe1 Qf6
22.Qc4+ Kh8 23.Bxc6 bxc6 24.c3 f4 25.Qxf4 Qxf4 26.gxf4 Rxf4 27.Re2 h5 28.Re5
h4 29.Rae1 Raf8 30.R1e2 Rg4+ 31.Kf1 Rff4 32.h3 Rg6 33.R2e4 Rgf6 34.Rxf4 Rxf4
35.Ke2 Kg8 36.Ke3 Ra4 37.a3 Kf7 38.Re4 Ra6 39.Rxh4 c5 40.Re4 Rb6 41.b4 cxb4
42.axb4 g5 43.h4 {#r} 1-0

[Event "49th Belgrade WGM 2017"]
[Site "masterchessopen.com Belgrade SRB"]
[Date "2017.03.03"]
[Round "1.3"]
[White "Tomilova,E"]
[Black "Benderac,A"]
[Result "0-1"]
[WhiteElo "2292"]
[BlackElo "2206"]

1.d4 d5 2.Bf4 c6 3.e3 Nf6 4.Nd2 Nbd7 5.h3 g6 6.Ngf3 Bg7 7.Bd3 O-O 8.O-O Re8
9.Bh2 Nf8 10.c4 Bf5 11.Bxf5 gxf5 12.Ne5 e6 13.Rc1 Ng6 14.Nb3 Nxe5 15.Bxe5 Ne4
16.f3 Nd6 17.cxd5 exd5 18.Bf4 Nc4 19.Qd3 Nxb2 20.Qxf5 Qf6 21.Qc2 Nc4 22.Rfe1
Re7 23.g3 Bh6 24.Qf2 Rae8 25.Rc3 Bxf4 26.gxf4 Qxf4 27.e4 Kh8 28.Kf1 Nd6 29.Nc5
dxe4 30.Rce3 Nc4 31.R3e2 e3 32.Qh2 Nd2+ {#R} 0-1

[Event "49th Belgrade WGM 2017"]
[Site "masterchessopen.com Belgrade SRB"]
[Date "2017.03.04"]
[Round "2.3"]
[White "Benderac,A"]
[Black "Zarkovic,M"]
[Result "0-1"]
[WhiteElo "2206"]
[BlackElo "2238"]

1.d4 Nf6 2.Nf3 e6 3.c4 b6 4.Nc3 Bb7 5.Bg5 Bb4 6.e3 h6 7.Bxf6 Qxf6 8.Rc1 O-O
9.a3 Bxc3+ 10.Rxc3 d6 11.c5 dxc5 12.dxc5 bxc5 13.Qc2 Nd7 14.Nd2 Rfd8 15.Nb3
Rab8 16.e4 Qf4 17.f3 Bc6 18.g3 Qf6 19.Na5 Ne5 20.Be2 Bb5 21.f4 Nc6 22.Nxc6
Bxc6 23.e5 Qe7 24.O-O Rd4 25.b4 Be4 26.Qc1 cxb4 27.Rxc7 Qd8 28.axb4 Rd2 29.Rf2
Qd4 30.Qc5 Qxb4 31.Qxb4 Rxb4 32.Rxa7 Rbb2 33.Bf3 Rxf2 34.Bxe4 g6 35.Ra1 Rxh2
36.Rf1 Kg7 37.Bf3 h5 38.Be4 Rhe2 39.Bf3 Re3 40.Kh1 Reb3 {#R} 0-1

[Event "49th Belgrade WGM 2017"]
[Site "masterchessopen.com Belgrade SRB"]
[Date "2017.03.04"]
[Round "2.4"]
[White "Nestorovic,Katarina"]
[Black "Tomilova,E"]
[Result "0-1"]
[WhiteElo "2134"]
[BlackElo "2292"]

1.e4 e6 2.d4 d5 3.Nc3 Nf6 4.Bg5 Bb4 5.exd5 Qxd5 6.Bxf6 gxf6 7.Qd2 Qa5 8.Nge2
Bd7 9.a3 Nc6 10.O-O-O Bd6 11.Ne4 Qxd2+ 12.Rxd2 Be7 13.f4 O-O-O 14.N2c3 f5
15.Ng5 Rdf8 16.Bc4 Bd6 17.g3 h6 18.Nf3 a6 19.Re1 b5 20.Ba2 b4 21.axb4 Nxb4
22.Bc4 c6 23.Na4 Kc7 24.Ne5 Nd5 25.Nc5 Bc8 26.Rd3 Bxe5 27.Rxe5 Nb6 28.Bxa6
Bxa6 29.Nxa6+ Kd6 30.Nb4 Nd7 31.Ra5 Rb8 32.Na6 Ra8 33.Rda3 Nf6 34.b4 h5 35.h4
Rhg8 36.Nc5 Rab8 37.Rb3 Ra8 38.c4 Ne4 39.Nxe4+ fxe4 40.Rxh5 Ra1+ 41.Kc2 f5
42.Rg5 Rga8 43.g4 R8a2+ 44.Rb2 Rxb2+ 45.Kxb2 e3 46.Kxa1 e2 47.gxf5 e1=Q+
48.Ka2 Qxb4 49.c5+ Kd5 50.fxe6+ Kxe6 51.h5 Qa4+ {#R} 0-1

[Event "49th Belgrade WGM 2017"]
[Site "masterchessopen.com Belgrade SRB"]
[Date "2017.03.05"]
[Round "3.2"]
[White "Tomilova,E"]
[Black "Dimitrijevic,A"]
[Result "1-0"]
[WhiteElo "2292"]
[BlackElo "2262"]

1.c4 Nf6 2.g3 d6 3.Bg2 c6 4.e3 e5 5.d4 Qc7 6.Nc3 Be7 7.Nge2 Nbd7 8.O-O O-O
9.b3 Re8 10.h3 Bf8 11.Qc2 b6 12.Ba3 Bb7 13.g4 h6 14.Rad1 b5 15.Bb2 Rac8 16.Ng3
Nb6 17.c5 dxc5 18.dxe5 Nfd5 19.Nce4 c4 20.Nd6 Bxd6 21.exd6 Qd7 22.Nh5 Qxd6
23.Nxg7 Re5 24.Nf5 Rxf5 25.Qxf5 Qc5 26.e4 c3 27.Bc1 c2 28.Rde1 {#r} 1-0

[Event "49th Belgrade WGM 2017"]
[Site "masterchessopen.com Belgrade SRB"]
[Date "2017.03.05"]
[Round "3.3"]
[White "Zarkovic,M"]
[Black "Nestorovic,Katarina"]
[Result "0-1"]
[WhiteElo "2238"]
[BlackElo "2134"]

1.e4 c5 2.Nf3 e6 3.d4 cxd4 4.Nxd4 Nf6 5.Nc3 d6 6.g4 a6 7.g5 Nfd7 8.h4 b5 9.a3
Bb7 10.h5 Nc6 11.Be3 Rc8 12.Nxc6 Rxc6 13.f4 Rxc3 14.bxc3 Bxe4 15.Rh2 Qc7
16.Qd4 e5 17.Qxe4 Qxc3+ 18.Kf2 Qxa1 19.Qa8+ Ke7 20.Qc6 f5 21.gxf6+ Nxf6 22.Bh3
Kf7 23.Qc8 Qa2 24.fxe5 dxe5 25.Bf5 Qc4 26.Qxa6 Be7 27.Bd3 Qc8 28.Qxc8 Rxc8
29.Kf3 Rc3 30.h6 Bc5 31.Bxc5 e4+ 32.Ke3 exd3 33.cxd3 Rxc5 34.Kd4 Rd5+ 35.Kc3
g5 {#R} 0-1

[Event "PEP 2017"]
[Site "masterchessopen.com Belgrade SRB"]
[Date "2017.02.28"]
[Round "1"]
[White "Damljanovic,B"]
[Black "Nenezic,M"]
[Result "1-0"]
[WhiteElo "2548"]
[BlackElo "2494"]

1.d4 Nf6 2.c4 g6 3.Nc3 Bg7 4.e4 d6 5.Be2 O-O 6.Nf3 Nbd7 7.O-O e5 8.Re1 Re8
9.Bf1 a6 10.Rb1 exd4 11.Nxd4 c6 12.Bf4 Ne5 13.h3 Nh5 14.Be3 c5 15.Nf5 Bxf5
16.exf5 Nf6 17.fxg6 hxg6 18.b4 cxb4 19.Rxb4 Qa5 20.Qa4 Nc6 21.Qxa5 Nxa5
22.Reb1 Re7 23.Ra4 Nc6 24.Nd5 Nxd5 25.cxd5 Ne5 26.Rab4 b5 27.a4 bxa4 28.Rxa4
a5 29.Rb6 Nd7 30.Rxd6 Bc3 31.Bb5 Nf8 32.Rb6 Rd8 33.Bc6 Bb4 34.g4 Nd7 35.Rb7
Nc5 36.Raxb4 Nxb7 37.Rxb7 Rxb7 38.Bxb7 a4 39.Bc5 {#r} 1-0

[Event "PEP 2017"]
[Site "masterchessopen.com Belgrade SRB"]
[Date "2017.02.28"]
[Round "1"]
[White "Potpara,N"]
[Black "Roganovic,Milo"]
[Result "0-1"]
[WhiteElo "2379"]
[BlackElo "2481"]

1.c4 Nf6 2.g3 g6 3.Bg2 Bg7 4.Nc3 O-O 5.e4 c5 6.d3 Nc6 7.Nge2 Ne8 8.Be3 Nd4
9.Bxd4 cxd4 10.Nb5 Qa5+ 11.Qd2 Qxd2+ 12.Kxd2 e5 13.a4 d6 14.a5 a6 15.Na3 Nc7
16.Nc2 f5 17.Raf1 fxe4 18.dxe4 Bh6+ 19.Kd3 Ne6 20.Nb4 b6 21.Kc2 bxa5 22.Nd3
Nc5 23.f3 Be6 24.b3 a4 25.Nxc5 dxc5 26.Rb1 axb3+ 27.Kd3 Bh3 28.Nf4 Bxg2
29.Nxg2 Rxf3+ 30.Ke2 Raf8 {#R} 0-1

[Event "PEP 2017"]
[Site "masterchessopen.com Belgrade SRB"]
[Date "2017.02.28"]
[Round "1"]
[White "Draskovic,L"]
[Black "Colovic,D"]
[Result "1-0"]
[WhiteElo "2458"]
[BlackElo "2362"]

1.c4 e5 2.Nc3 Nc6 3.Nf3 g6 4.d4 exd4 5.Nd5 Bg7 6.Bg5 Nce7 7.Nxd4 c6 8.Nc3 Qb6
9.Nb3 a5 10.Be3 Qc7 11.Bd4 f6 12.Ne4 a4 13.Nbd2 d5 14.cxd5 cxd5 15.Nc3 Bd7
16.e3 Nh6 17.Nb5 Bxb5 18.Bxb5+ Nc6 19.Bc5 Qa5 20.Qe2 Kf7 21.O-O Nf5 22.Nc4 Qc7
23.Nb6 Nce7 24.Rac1 Rad8 25.Bxa4 Qe5 26.Rfe1 Nd6 27.Bb3 f5 28.Red1 Ne4 29.Bxe7
Kxe7 30.Rxd5 Qxb2 31.Rc7+ Ke6 32.Qxb2 {#r} 1-0

[Event "PEP 2017"]
[Site "masterchessopen.com Belgrade SRB"]
[Date "2017.02.28"]
[Round "1"]
[White "Ratkovic,Milov"]
[Black "Radovanovic,Mihajlo"]
[Result "0-1"]
[WhiteElo "2389"]
[BlackElo "2376"]

1.d4 d6 2.c4 e5 3.d5 g6 4.Nc3 a5 5.e4 Na6 6.Be3 Bh6 7.Bxh6 Nxh6 8.Qd2 Ng8
9.Nge2 Qh4 10.g3 Qh5 11.Bg2 Bg4 12.O-O Bxe2 13.Nxe2 Nc5 14.f4 Nf6 15.Nc3 O-O
16.Rae1 Rfe8 17.h3 Qh6 18.Qd1 Nh5 19.Qf3 exf4 20.gxf4 Re7 21.Nb5 Rae8 22.e5
Ng7 23.Nd4 Qh4 24.Qc3 Nh5 25.e6 Ng3 26.Rf2 fxe6 27.dxe6 Rf8 28.Re3 Nf5 29.Nxf5
Rxf5 30.Qd4 Qf6 31.Qxf6 Rxf6 32.b3 Kg7 33.Rfe2 c6 34.Kh2 Rfxe6 35.Rxe6 Rxe6
36.Rd2 Kf6 37.Kg3 Re3+ 38.Kf2 Rd3 39.Rc2 Kf5 40.Bf1 Rd4 41.Be2 Kxf4 42.Bg4 h5
43.Bc8 Re4 44.h4 Re8 45.Bh3 Nd3+ 46.Kg1 Kg3 47.Bf1 Ne1 {#R} 0-1

[Event "PEP 2017"]
[Site "masterchessopen.com Belgrade SRB"]
[Date "2017.02.28"]
[Round "1"]
[White "Kovacevic,A"]
[Black "Velikic,A"]
[Result "1-0"]
[WhiteElo "2534"]
[BlackElo "2194"]

1.e4 e6 2.d4 d5 3.Nd2 c5 4.exd5 Qxd5 5.dxc5 Bxc5 6.Ngf3 Nf6 7.Bc4 Qd7 8.Qe2
Qc7 9.O-O O-O 10.Nb3 Be7 11.Bg5 Nbd7 12.Nbd4 Nb6 13.Bb3 Bd7 14.Rad1 Rae8
15.Ne5 Nfd5 16.Bxe7 Rxe7 17.Nxd7 Qxd7 18.c4 Nf4 19.Qe4 Ng6 20.c5 Nc8 21.h4 Qc7
22.h5 Qf4 23.Rfe1 Qxe4 24.Rxe4 Nh8 25.Ba4 h6 26.b4 g6 27.g4 Kg7 28.Nf3 f5
29.gxf5 gxf5 30.Re2 Kf6 31.Ne5 Rg8+ 32.Kf1 Nf7 33.Ng6 Rc7 34.f4 Ne7 35.Rde1
Nd8 36.Bb3 Nd5 37.Bxd5 exd5 38.Ne7 Rxe7 39.Rxe7 Rg4 40.Rd7 Rxf4+ 41.Kg2 Nc6
42.b5 Nd4 43.Rd6+ Kf7 44.Rxd5 {#r} 1-0

[Event "PEP 2017"]
[Site "masterchessopen.com Belgrade SRB"]
[Date "2017.03.01"]
[Round "2"]
[White "Roganovic,Milo"]
[Black "Kovacevic,A"]
[Result "1-0"]
[WhiteElo "2481"]
[BlackElo "2534"]

1.e4 e6 2.d4 d5 3.Nd2 c5 4.Ngf3 cxd4 5.exd5 Qxd5 6.Bc4 Qd6 7.O-O Nf6 8.Nb3 Nc6
9.Nbxd4 Nxd4 10.Qxd4 Qxd4 11.Nxd4 Bc5 12.Nb3 Bb6 13.a4 Bd7 14.a5 Bc7 15.a6 b5
16.Be2 Bb6 17.Rd1 Rc8 18.c3 e5 19.Be3 Bxe3 20.fxe3 Ke7 21.Ra5 Rhd8 22.h3 Rb8
23.Nc5 Bc6 24.Nd3 Rd5 25.Nb4 Rxd1+ 26.Bxd1 Bd7 27.Bb3 Rb6 28.Bd5 e4 29.Bxe4
Kd6 30.Bf3 h6 31.Ra1 Kc7 32.Rd1 Bc8 33.Kf2 Be6 34.e4 Nd7 35.Ke3 Nc5 36.Ra1 Na4
37.Rb1 Nc5 38.Ra1 Na4 39.Rb1 Nc5 40.e5 Nxa6 41.Ra1 Nxb4 42.Rxa7+ Kd8 43.cxb4
Bd7 44.Kd4 Rg6 45.Kc5 f6 46.Be4 {#r} 1-0

[Event "PEP 2017"]
[Site "masterchessopen.com Belgrade SRB"]
[Date "2017.03.01"]
[Round "2"]
[White "Martic,I SRB"]
[Black "Markoja,B"]
[Result "0-1"]
[WhiteElo "2367"]
[BlackElo "2415"]

1.e4 e5 2.Nf3 Nc6 3.Bb5 a6 4.Ba4 Nf6 5.O-O Be7 6.Re1 b5 7.Bb3 d6 8.c3 O-O 9.h3
Nb8 10.d4 Nbd7 11.Nbd2 Bb7 12.Bc2 c5 13.d5 c4 14.Nf1 Qc7 15.g4 Rfb8 16.Ng3 g6
17.Bh6 a5 18.Qd2 b4 19.Kh1 Ba6 20.Nf5 Bd8 21.Rg1 bxc3 22.bxc3 Rb2 23.Qc1 Rab8
24.Rb1 Rxa2 25.N3h4 Nc5 26.Nxd6 Qxd6 27.Nf5 Qc7 28.d6 Qc8 29.Rxb8 Qxb8 30.Ne7+
Bxe7 31.dxe7 Ne8 32.Qe3 Nd3 33.Rb1 Rb2 34.Rxb2 Qxb2 35.Ba4 Qa1+ 36.Kh2 Qxa4
37.Qa7 Qc6 {#R} 0-1

[Event "PEP 2017"]
[Site "masterchessopen.com Belgrade SRB"]
[Date "2017.03.01"]
[Round "2"]
[White "Velikic,A"]
[Black "Tuna,Alp"]
[Result "0-1"]
[WhiteElo "2194"]
[BlackElo "2285"]

1.e4 c6 2.d4 d5 3.e5 Bf5 4.Be3 e6 5.Nd2 Nd7 6.c3 Qb6 7.Qb3 f6 8.f4 g5 9.Ngf3
gxf4 10.Bxf4 Bh6 11.Bxh6 Nxh6 12.exf6 Nxf6 13.Ne5 Nhg4 14.Nxg4 Nxg4 15.Nf3 Qc7
16.g3 Be4 17.Be2 O-O 18.O-O Qg7 19.Nh4 Qg5 {#R} 0-1

[Event "PEP 2017"]
[Site "masterchessopen.com Belgrade SRB"]
[Date "2017.03.01"]
[Round "2"]
[White "Ratkovic,Milov"]
[Black "Plenca,Jadranko"]
[Result "1-0"]
[WhiteElo "2389"]
[BlackElo "2422"]

1.d4 d5 2.c4 c6 3.Nc3 Nf6 4.e3 a6 5.Nf3 Bf5 6.Bd3 Bxd3 7.Qxd3 e6 8.O-O Bb4
9.Ne2 Bd6 10.c5 Bc7 11.b4 Nbd7 12.Bb2 O-O 13.Ne5 Nxe5 14.dxe5 Nd7 15.f4 f6
16.exf6 Nxf6 17.Ng3 Qe8 18.Rae1 Rd8 19.e4 dxe4 20.Qc4 Nd5 21.Rxe4 Qg6 22.f5
exf5 23.Re7 Rf7 24.Rxf7 Qxf7 25.Nxf5 Bf4 26.Qd4 Rf8 27.Rxf4 {#r} 1-0

[Event "PEP 2017"]
[Site "masterchessopen.com Belgrade SRB"]
[Date "2017.03.01"]
[Round "2"]
[White "Eric,J"]
[Black "Potpara,N"]
[Result "0-1"]
[WhiteElo "2199"]
[BlackElo "2379"]

1.e4 c5 2.Nf3 e6 3.d4 cxd4 4.Nxd4 Nc6 5.Nc3 Qc7 6.Be2 Nf6 7.O-O a6 8.Kh1 h5
9.Nxc6 bxc6 10.f4 d5 11.e5 Ng4 12.Bxg4 hxg4 13.Qxg4 g6 14.h3 c5 15.Bd2 Bb7
16.Rae1 Be7 17.Kh2 Bc6 18.b3 Qb7 19.Ne2 Rh4 20.Qg3 O-O-O 21.Rb1 d4 22.Ng1 Rh5
23.Nf3 Be4 24.Rbc1 Rdh8 25.Qf2 Bf5 26.Kg1 Bh4 27.Qe2 Be7 28.b4 Bxh3 29.gxh3
Rxh3 30.Qg2 c4 31.Kf2 c3 32.Be1 Qe4 33.Qg4 Qe3+ 34.Kg2 Qxc1 35.Bh4 R3xh4
36.Nxh4 Qxc2+ 37.Rf2 Qe4+ 38.Qf3 Qb7 {#R} 0-1

[Event "PEP 2017"]
[Site "masterchessopen.com Belgrade SRB"]
[Date "2017.03.02"]
[Round "3"]
[White "Djordjevic,Vu"]
[Black "Bogosavljevic,B"]
[Result "0-1"]
[WhiteElo "2421"]
[BlackElo "2525"]

1.d4 Nf6 2.Bg5 e6 3.e4 h6 4.Bxf6 Qxf6 5.Nf3 d6 6.Nc3 g6 7.Qd2 Bg7 8.O-O-O a6
9.h4 Nd7 10.e5 Qe7 11.Qe3 b5 12.Bd3 Bb7 13.exd6 cxd6 14.Be4 Nb6 15.Bxb7 Qxb7
16.Ne4 Qc6 17.Qf4 O-O 18.Kb1 Rac8 19.Rc1 Nd5 20.Qd2 e5 21.Rhd1 Nb6 22.d5 Qc7
23.g4 Nc4 24.Qe2 f5 25.gxf5 gxf5 26.Ng3 Qf7 27.c3 Kh8 28.h5 Qf6 29.Rh1 Rc5
30.Nh4 Rxd5 31.Rcd1 Rxd1+ 32.Qxd1 Rf7 33.Ngxf5 Qe6 34.Rg1 Rxf5 35.Nxf5 Qxf5+
36.Qc2 Qxh5 37.Qd3 e4 38.Qg3 Qe5 39.Qg4 Nd2+ 40.Kc2 Nf3 41.Rd1 b4 42.Qg6 bxc3
43.Rxd6 Ne1+ {#R} 0-1

[Event "PEP 2017"]
[Site "masterchessopen.com Belgrade SRB"]
[Date "2017.03.02"]
[Round "3"]
[White "Ozen,Bahadir"]
[Black "Nenezic,M"]
[Result "0-1"]
[WhiteElo "2303"]
[BlackElo "2494"]

1.Nf3 Nf6 2.g3 b6 3.Bg2 Bb7 4.O-O g6 5.d3 Bg7 6.e4 d6 7.Nh4 e5 8.f4 O-O 9.Nc3
c6 10.f5 b5 11.Qf3 b4 12.Nd1 d5 13.Nf2 Nbd7 14.Bg5 Qc7 15.Be3 Ba6 16.Rfe1 dxe4
17.dxe4 Nh5 18.Bf1 Qb7 19.Rad1 Rad8 20.Ng4 Bxf1 21.Rxf1 Ndf6 22.Nf2 Rfe8
23.Ng2 Rxd1 24.Rxd1 Qa6 25.g4 Nf4 26.Bxf4 exf4 27.g5 Nh5 28.Nxf4 Nxf4 29.Qxf4
Qxa2 30.Qc7 gxf5 31.exf5 Qxb2 32.Qxc6 Qe5 33.Rd3 Rb8 34.Qf3 Qc5 35.Qe4 a5
36.f6 Qxg5+ 37.Rg3 Qxf6 38.Kg2 Kh8 39.Ng4 Qe6 40.Qf4 Rc8 41.Ne3 Be5 42.Qe4
Bxg3 43.Qxh7+ {#R} 0-1

[Event "PEP 2017"]
[Site "masterchessopen.com Belgrade SRB"]
[Date "2017.03.02"]
[Round "3"]
[White "Tuna,Alp"]
[Black "Roganovic,Milo"]
[Result "0-1"]
[WhiteElo "2285"]
[BlackElo "2481"]

1.Nf3 Nf6 2.c4 e6 3.Nc3 d5 4.d4 Nbd7 5.Bg5 h6 6.Bxf6 Nxf6 7.e3 a6 8.Rc1 Be7
9.Bd3 O-O 10.O-O dxc4 11.Bxc4 b5 12.Be2 Bb7 13.Ne5 c5 14.dxc5 Bxc5 15.Bf3 Qxd1
16.Rfxd1 Bxf3 17.gxf3 Rfc8 18.Ne4 Be7 19.Nc6 Kf8 20.Nxe7 Kxe7 21.Nxf6 Kxf6
22.Kf1 Rxc1 23.Rxc1 Rd8 24.Rc6 Rd2 25.Rxa6 Rxb2 26.a4 b4 27.Rb6 Ke5 28.Rb5+
Kd6 29.f4 g5 30.fxg5 hxg5 31.Kg2 f5 32.h3 b3 33.Kg3 Rb1 34.Kf3 b2 35.Ke2 g4
36.hxg4 fxg4 37.Kd2 Rf1 38.Kc2 Rxf2+ 39.Kb1 g3 40.Rg5 g2 {#R} 0-1

[Event "PEP 2017"]
[Site "masterchessopen.com Belgrade SRB"]
[Date "2017.03.02"]
[Round "3"]
[White "Potpara,N"]
[Black "Velikic,A"]
[Result "1-0"]
[WhiteElo "2379"]
[BlackElo "2194"]

1.c4 e6 2.d4 Nf6 3.Nf3 b6 4.g3 Bb4+ 5.Bd2 Bxd2+ 6.Qxd2 Bb7 7.Bg2 O-O 8.O-O d5
9.Ne5 Nbd7 10.Nc3 c6 11.Rad1 Qc7 12.cxd5 exd5 13.Nd3 Rfe8 14.Qc2 Qd6 15.a3 Ne4
16.Nxe4 dxe4 17.Nb4 Nf6 18.Na2 e3 19.f4 Ng4 20.Nc3 Nf2 21.Rxf2 exf2+ 22.Kxf2
Rad8 23.e4 a5 24.e5 Qb8 25.Qb3 Qa7 26.Ne4 a4 27.Qd3 c5 28.Ng5 g6 29.Bxb7 Qxb7
30.d5 b5 31.Ne4 c4 32.Qd4 Re7 33.d6 Re6 34.Nc5 Qc6 35.Nxe6 fxe6 36.h4 Rd7
37.Qe3 Kg7 38.Qf3 Qb6+ 39.Qe3 Qc6 40.Qf3 Qb6+ 41.Kg2 h5 42.Rd2 Qa5 43.Qe3 Qa8+
44.Kh2 Qc6 45.Rg2 Rb7 46.Rd2 Rd7 47.f5 {#r} 1-0

[Event "PEP 2017"]
[Site "masterchessopen.com Belgrade SRB"]
[Date "2017.03.02"]
[Round "3"]
[White "Plenca,Jadranko"]
[Black "Damljanovic,B"]
[Result "0-1"]
[WhiteElo "2422"]
[BlackElo "2548"]

1.e4 c5 2.Nf3 e6 3.d4 cxd4 4.Nxd4 d6 5.c4 Nf6 6.Nc3 b6 7.Be3 Bb7 8.f3 Be7
9.Be2 O-O 10.O-O a6 11.a4 Qc7 12.Qd2 Rc8 13.Rfc1 Qd8 14.Qe1 Nfd7 15.Rd1 Ne5
16.b3 Nbd7 17.Qf2 Bh4 18.g3 Bf6 19.Rac1 Qe7 20.Bf1 Rab8 21.Bh3 Nc5 22.Qc2 h5
23.Bf2 g6 24.Rd2 Bg7 25.Re1 Ba8 26.Qd1 Rd8 27.f4 Nc6 28.Bg2 Nb4 29.Kh1 Qf8
30.Nde2 Rbc8 31.Bd4 e5 32.Bf2 Re8 33.fxe5 Bxe5 34.Nd4 Qh6 35.Be3 Qh8 36.Nd5
Bxd5 37.exd5 Ncd3 38.Bh3 Ra8 39.Bd7 Nxe1 {#R} 0-1

[Event "PEP 2017"]
[Site "masterchessopen.com Belgrade SRB"]
[Date "2017.03.02"]
[Round "3"]
[White "Kovacevic,A"]
[Black "Eric,J"]
[Result "0-1"]
[WhiteElo "2534"]
[BlackElo "2199"]

1.e4 e6 2.d4 d5 3.Nc3 Nf6 4.e5 Nfd7 5.f4 c5 6.Nf3 Nc6 7.Be3 cxd4 8.Nxd4 Bc5
9.Qd2 a6 10.O-O-O O-O 11.Kb1 Nxd4 12.Bxd4 b5 13.h4 Bb7 14.h5 b4 15.Ne2 a5
16.Rh3 Ba6 17.g4 Qc7 18.Re3 Rfc8 19.Bg2 Nb6 20.b3 a4 21.Bxc5 Qxc5 22.Nd4 Qa5
23.f5 Rc3 24.fxe6 fxe6 25.Nxe6 axb3 26.cxb3 Bd3+ 27.Rxd3 Rxd3 28.Qxd3 Qxa2+
29.Kc1 Rc8+ {#R} 0-1

[Event "PEP 2017"]
[Site "masterchessopen.com Belgrade SRB"]
[Date "2017.03.03"]
[Round "4"]
[White "Ratkovic,Milov"]
[Black "Djordjevic,Vu"]
[Result "1-0"]
[WhiteElo "2389"]
[BlackElo "2421"]

1.d4 e6 2.Nf3 Nf6 3.Bg5 c5 4.c3 d5 5.e3 Be7 6.Nbd2 Nbd7 7.Bd3 b6 8.a4 Bb7
9.Qb1 h6 10.Bf4 O-O 11.g4 cxd4 12.exd4 Re8 13.Kf1 Nxg4 14.Rg1 f5 15.h3 Ngf6
16.Bxh6 Bf8 17.Bg5 Qc7 18.Bxf6 Nxf6 19.Ne5 Bd6 20.Ndf3 Nd7 21.Ng6 Nf8 22.Nfh4
Nh7 23.Qd1 Nf6 24.Qd2 Qf7 25.Qg5 Nh7 26.Qh5 Be7 27.Re1 Bf6 28.Nf3 Bc6 29.h4
Red8 30.Bb5 Bxb5+ 31.axb5 Qe8 32.Ng5 Bxg5 33.hxg5 Qxb5+ 34.Re2 Nf8 35.Ne7# 1-0

[Event "PEP 2017"]
[Site "masterchessopen.com Belgrade SRB"]
[Date "2017.03.03"]
[Round "4"]
[White "Nenezic,M"]
[Black "Potpara,N"]
[Result "1-0"]
[WhiteElo "2494"]
[BlackElo "2379"]

1.Nf3 Nf6 2.c4 c5 3.Nc3 b6 4.e4 d6 5.d4 cxd4 6.Nxd4 Bb7 7.f3 e6 8.Be3 Be7
9.Be2 O-O 10.O-O a6 11.Qd2 Qc7 12.Rfd1 Nbd7 13.Rac1 Rac8 14.Kh1 Qb8 15.b4 Rfe8
16.a3 Ne5 17.Na4 Nfd7 18.Bf1 Ba8 19.h3 Ng6 20.Nb3 Bc6 21.Nb2 Bb7 22.Bg1 h6
23.Bh2 Bg5 24.f4 Bf6 25.e5 dxe5 26.Qxd7 Red8 27.Qa4 exf4 28.Nd3 Rxc4 29.Nd2
Rxc1 30.Rxc1 e5 31.Qc2 e4 32.Ne1 Qa8 33.Bg1 b5 34.Nb3 Nh4 35.Nc5 Bd5 36.a4 Nf5
37.Bh2 Nd4 38.Qd1 f3 39.Bc7 Re8 40.Nd7 Bg5 41.Nb6 Qb7 42.Qxd4 Bxc1 43.Nxd5 f2
44.Nc2 e3 45.Ne7+ Kh7 46.Qd7 Rxe7 47.Qxe7 Qd5 48.Nxe3 Qd4 49.Ng4 bxa4 50.Qxf7
{#r} 1-0

[Event "PEP 2017"]
[Site "masterchessopen.com Belgrade SRB"]
[Date "2017.03.03"]
[Round "4"]
[White "Damljanovic,B"]
[Black "Markoja,B"]
[Result "1-0"]
[WhiteElo "2548"]
[BlackElo "2415"]

1.d4 Nf6 2.c4 e6 3.Nc3 Bb4 4.g3 O-O 5.Bg2 d6 6.Nf3 Nbd7 7.Qc2 a5 8.O-O Bxc3
9.bxc3 Re8 10.e4 e5 11.Nd2 c5 12.d5 Nf8 13.Nb1 Bd7 14.Na3 Ng6 15.Rb1 b6 16.Nb5
Bxb5 17.Rxb5 h6 18.Be3 Re7 19.Rfb1 Rb7 20.Bf3 Ne7 21.Bd1 Nc8 22.Qd3 a4 23.a3
Re7 24.f3 Qd7 25.Bc2 Qe8 26.Qf1 Qd7 27.Qg2 Ra7 28.Kh1 Nh7 29.f4 Qe8 30.f5 g5
31.fxg6 fxg6 32.Bxh6 g5 33.Qh3 Rac7 34.Rf1 Qg6 35.Rbb1 Rf7 36.Rxf7 Kxf7
37.Rf1+ Kg8 38.Kg1 Ne7 39.Bd1 Qxe4 40.Qe6+ Kh8 41.Rf8+ {#r} 1-0

[Event "PEP 2017"]
[Site "masterchessopen.com Belgrade SRB"]
[Date "2017.03.03"]
[Round "4"]
[White "Drasko,M"]
[Black "Velikic,A"]
[Result "1-0"]
[WhiteElo "2441"]
[BlackElo "2194"]

1.Nf3 d5 2.g3 Nf6 3.Bg2 c6 4.O-O Bf5 5.b3 e6 6.Bb2 h6 7.d3 Be7 8.Nbd2 O-O 9.c4
a5 10.a3 Nbd7 11.Qc2 Qb8 12.Rac1 Bh7 13.cxd5 cxd5 14.Qc7 Rc8 15.Qxb8 Raxb8
16.Nd4 Ne8 17.f4 Bc5 18.Bh3 Nd6 19.Kg2 Nf5 20.Bxf5 Bxf5 21.Nxf5 exf5 22.Nf3
Be3 23.Rxc8+ Rxc8 24.Rb1 Rc2 25.Kf1 Nf8 26.Ke1 Ne6 27.Kd1 Rc7 28.Bc1 Bc5 29.b4
axb4 30.axb4 Bd6 31.Bd2 g6 32.Ra1 Rc6 33.Ra8+ Kh7 34.Ra5 Nc7 35.Be3 Bxb4
36.Ra7 Nb5 37.Rxb7 Nc3+ 38.Ke1 Na2+ 39.Kf2 Kg8 40.Ne5 Re6 41.Nxf7 Bf8 42.Ne5
Nb4 43.Rb8 Nc6 44.Nxc6 Rxc6 45.Rd8 {#r} 1-0

[Event "PEP 2017"]
[Site "masterchessopen.com Belgrade SRB"]
[Date "2017.03.03"]
[Round "4"]
[White "Plenca,Jadranko"]
[Black "Tuna,Alp"]
[Result "1-0"]
[WhiteElo "2422"]
[BlackElo "2285"]

1.e4 c6 2.d4 d5 3.e5 Bf5 4.Nf3 e6 5.Be2 Nd7 6.O-O Bg6 7.a4 Nh6 8.a5 a6 9.Re1
Nf5 10.c4 dxc4 11.Qa4 Ne7 12.Bg5 h6 13.Bh4 Qc7 14.Nbd2 Nf5 15.Nxc4 Nxh4
16.Nxh4 Bh7 17.Bh5 g6 18.Be2 Be7 19.d5 exd5 20.Nd6+ Kf8 21.Qf4 Bxd6 22.exd6
Qd8 23.Qxh6+ Kg8 24.Bd3 Nc5 25.Rad1 Nxd3 26.Rxd3 g5 27.Re7 Bxd3 28.Qxg5+ Kf8
29.Qf6 Rh7 30.Nf3 Qxa5 31.h4 Bg6 32.Ne5 Bh5 33.Qg5 Rd8 34.Nd7+ Rxd7 35.Rxd7 f6
36.Qxf6+ Ke8 37.Rxh7 {#r} 1-0